000 00627nam a2200169 4500
001 136871
003 ES-MaACL
005 20230906195242.0
007 t|
008 070214s1955 sp r ||||1| spa d
100 1 _aSainz de Bujanda, Fernando (
_d1915-1999)
_9101580
245 1 0 _aHacienda y Derecho
_b: introducción al Derecho Financiero de nuestro tiempo : estudios de Administración /
_cFernando Sainz de Bujanda.
260 _aMadrid :
_bInstituto de Estudios Políticos,
_c1955.
300 _aXVI, 505 p. ;
_c22 cm.
710 2 _aInstituto de Estudios Políticos (Madrid)
_94924
852 _aES-MaACL
_jE-632
_bR.38777
999 _c136871
_d136871